| 000 | 00691nam a22002057a 4500 | ||
|---|---|---|---|
| 999 |
_c177819 _d177819 |
||
| 005 | 20210304171511.0 | ||
| 010 | _aENG-129158-59 | ||
| 020 |
_a978-93-81470-34-3 _c550.00 |
||
| 035 | _aEN-112690-91 | ||
| 037 | _bDBAD/PUB | ||
| 082 | _aS | ||
| 245 |
_aShort Stories from Sanskrit Literature/ _bCompiled by V. D. Jhari; Translated, Retold and Collated by John Platts and Anaryan |
||
| 260 |
_aNew Delhi _bWorld Literature India _c2015 |
||
| 270 |
_bNew Delhi _e110030 _aJhari Villa, Bhul Bhullian Road, Mehrauli _k26643982, 26641880 |
||
| 300 |
_a288p. _c22cm(hbk) |
||
| 700 | _aJhari, V. D., Comp. | ||
| 700 | _aPlatts, John, Tr. | ||
| 700 | _aAnaryan, Tr. | ||
| 942 |
_2ddc _cEN _hS _mSHO |
||